header

Isaac on Jewish and Christian altars (Record no. 103824)

MARC details
000 -LEADER
fixed length control field 01938nam a2200373 a 4500
082 04 - DEWEY DECIMAL CLASSIFICATION NUMBER
Classification number 222/.11092
100 1# - MAIN ENTRY--AUTHOR NAME
Personal name Schoenfeld, Devorah.
245 10 - TITLE STATEMENT
Title Isaac on Jewish and Christian altars
250 ## - EDITION STATEMENT
Edition statement 1st ed.
260 ## - PUBLICATION, DISTRIBUTION, ETC. (IMPRINT)
Place of publication New York :
Name of publisher Fordham University Press,
Year of publication 2013.
300 ## - PHYSICAL DESCRIPTION
Number of Pages 229 p.
505 0# - FORMATTED CONTENTS NOTE
Formatted contents note The developing Jewish-Christian polemic -- Rashi and his sources -- The sources and manuscript evolution of the Glossa ordinaria on Genesis 22 -- Isaac on Jewish and Christian altars: polemic, faith, and sacrifice in Rashi and the Gloss on Genesis 22 -- Appendixes: A critical edition of the Glossa ordinaria on Genesis 22: 1,19 -- Major manuscript variants in Rashi's commentary on Genesis 22.
650 #0 - SUBJECT ADDED ENTRY--TOPICAL TERM
Topical Term Judaism
856 40 - ELECTRONIC LOCATION AND ACCESS
Uniform Resource Identifier http://site.ebrary.com/lib/rucke/Doc?id=10611577

No items available.

© 2026 Rongo University
Contact us: librarian | system librarian | Rongo university